000 00696nam a22002292 4500
001 0000013024
005 20151217152119.0
008 090520s xx 000 0 eng d
020 _a0070495343 :
040 _aKABU
_cKABU
100 1 _aMercer, Dave.
_@0000170079
245 1 0 _aASP. NET :
_ba beginner's guide /
_cDave Mercer.
250 _a1st ed.
260 _aNew Delhi :
_bTata McGraw-Hill,
_c2002.
300 _axxvi, 576 p.
650 0 _aActive server pages.
_@0000148486
650 0 _aWeb site development.
_@0000148521
650 0 _aWebsite development.
_@0000156336
852 1 _9p3068 KEs
908 _a090520
950 _@1
999 _c8408
_d8408